LIBRARY & INFORMATION CENTRE, KCAET, TAVANUR

ONLINE PUBLIC ACCESS CATALOGUE (OPAC)

Measuring trees and forests / (Record no. 7175)

MARC details
000 -LEADER
fixed length control field 00434cam a2200169ua 4500
020 ## - INTERNATIONAL STANDARD BOOK NUMBER
ISBN 0-85198-883-0
041 ## - LANGUAGE CODE
Language code of text/sound track or separate title eng
082 ## - DEWEY DECIMAL CLASSIFICATION NUMBER
Classification number 634.9285
Item number PHI/ME
100 ## - MAIN ENTRY--AUTHOR NAME
Personal name Philip, Michael S .
245 ## - TITLE STATEMENT
Title Measuring trees and forests /
250 ## - EDITION STATEMENT
Edition statement 2 /
260 ## - PUBLICATION, DISTRIBUTION, ETC. (IMPRINT)
Place of publication United Kingdom :
Name of publisher CAB International ,
Year of publication 1994.
300 ## - PHYSICAL DESCRIPTION
Number of Pages 309 ; .
942 ## - ADDED ENTRY ELEMENTS (KOHA)
Koha item type Books
Holdings
Withdrawn status Lost status Damaged status Home library Current library Date acquired Full call number Accession Number Koha item type
      KAUAET KAUAET 07/04/2012 634.9285 18490 Books
free website counter